000 00436nam a2200145 4500
001 131983
003 ES-MaACL
007 t|
008 070214s1955 sp r ||||1| spa d
100 1 _aRodríguez Pita, Emigdio.
_998736
245 1 0 _aInterés compuesto y aplicaciones elementales /
_cpor Emigdio Rodríguez Pita.
260 _aBarcelona :
_bG. A. S. A.,
_c1955.
300 _a84 p. ;
_c22 cm.
852 _aES-MaACL
_jC-9575
_bR.38006
999 _c131983
_d131983